Garden in the sky / (Record no. 3292)

MARC details
000 -LEADER
fixed length control field 01221cam a22003017a 4500
001 - CONTROL NUMBER
control field 3292
003 - CONTROL NUMBER IDENTIFIER
control field FISKH
005 - DATE AND TIME OF LATEST TRANSACTION
control field 20240305110559.0
008 - FIXED-LENGTH DATA ELEMENTS--GENERAL INFORMATION
fixed length control field 811006s1980 enk 000 0 eng
010 ## - LIBRARY OF CONGRESS CONTROL NUMBER
LC control number 81191758
020 ## - INTERNATIONAL STANDARD BOOK NUMBER
International Standard Book Number 0207140928
040 ## - CATALOGING SOURCE
Original cataloging agency DLC
Transcribing agency DLC
Modifying agency DLC
Language of cataloging eng
050 00 - LIBRARY OF CONGRESS CALL NUMBER
Classification number MLCS 81/2640
082 ## - DEWEY DECIMAL CLASSIFICATION NUMBER
Classification number 823.3
100 1# - MAIN ENTRY--PERSONAL NAME
Personal name Worthy, Judith.
245 10 - TITLE STATEMENT
Title Garden in the sky /
Statement of responsibility, etc. Judith Worthy ; illustrated by Murray Frederick.
260 ## - PUBLICATION, DISTRIBUTION, ETC.
Place of publication, distribution, etc. London :
Name of publisher, distributor, etc. Angus & Robertson,
Date of publication, distribution, etc. 1980.
300 ## - PHYSICAL DESCRIPTION
Extent 84 pages :
Other physical details illustrations ;
Dimensions 20 cm
505 ## - FORMATTED CONTENTS NOTE
Formatted contents note P<br/>
520 ## - SUMMARY, ETC.
Summary, etc. Ten year-old Helen Harper has dream, a seemingly impossible dream... of a garden of her own. A big rambling garden with a willow tree, a red-gum, a soft green lawn, a fish pond and pathways leading to secret places. But living with her mother on the tenth floor of a high-rise block of flats surrounded far below by hard, horrible concrete. It seems that Helen's dream will never be real.
521 8# - TARGET AUDIENCE NOTE
Target audience note 650<br/>
Source Lexile<br/>
521 8# - TARGET AUDIENCE NOTE
Target audience note P<br/>
Source Raz-Plus<br/>
650 ## - SUBJECT ADDED ENTRY--TOPICAL TERM
Topical term or geographic name entry element Garden
Form subdivision Fiction
General subdivision Dream
700 ## - ADDED ENTRY--PERSONAL NAME
Personal name Frederick, Murray
Relator term illustrator
906 ## - LOCAL DATA ELEMENT F, LDF (RLIN)
a 7
b cbc
c orignew
d 5
e ncip
f 19
g y-gencatlg
942 ## - ADDED ENTRY ELEMENTS (KOHA)
Source of classification or shelving scheme Dewey Decimal Classification
Koha item type Books
Suppress in OPAC No
Holdings
Withdrawn status Lost status Source of classification or shelving scheme Damaged status Not for loan Collection Home library Current library Shelving location Date acquired Total Checkouts Full call number Barcode Date last seen Price effective from Koha item type
    Dewey Decimal Classification     Juvenile Fiction Footprints International School Library Network Toul Kork Campus Footprints International School Library Network Toul Kork Campus TK Primary Library Room(4th Floor), Bookcase 5&6, Shelves 33-56, Orange Books 02/23/2024   WOR 823.3 FIS00917 02/23/2024 02/23/2024 Books